Responses for show #6513 - Wednesday, January 2, 2013

Contestants

Julie Reynolds, a medical transcriptionist from Waterville, Ohio

Joey Gutmann, a law student from New York, New York

Paula Menasche, a high school social studies teacher from Coral Gables, Florida (whose 3-day cash winnings total $55,100)

Jeopardy! Round responses

1920s NEWS FLASH!
A CATEGORY WITH A TWIST
CAPITAL CITY CHURCHES
(Alex: We'll give you the church. You tell us the capital city in which it is located.)
THE GAME'S A "FOOT"
SERVICE ORGANIZATIONS
GOLDEN GLOBE WINNERS
    $200 1
Calvin Coolidge

Paula
    $200 23
Rome

Joey
    $200 16
Bigfoot

Paula
    $200 18
(Joey: What are the Boy Scouts?)

the Lions

PaulaJoey
    $200 7
(Joey: Who is Law?)

Robert Downey, Jr.

JoeyJulie
    $400 2
Sacco & Vanzetti

Joey
    $400 24
[The end-of-round signal sounds.]

Helsinki

Joey
    $400 9
foot-and-mouth

Paula
    $400 19
Rotary International

Triple Stumper
    $400 5
(Julie: Who is Josiah Bartlet?)
...
(Alex: The man who played Josiah Bartlet--[*].)

Martin Sheen

Julie
Triple Stumper
    $600 10
Jack Dempsey

Triple Stumper
    $1,400 22
Edinburgh

Joey
    $600 13
a tenderfoot

Julie
    $600 3
the Knights of Columbus

Triple Stumper
    $600 8
(Heath) Ledger

Joey
    $800 11
the Ottoman Empire

Paula
    $800 4
Brasília

Triple Stumper
    $800 6
a flatfoot

Julie
    $800 20
B'nai B'rith

Joey
    $800 14
Anna Paquin

Triple Stumper
    $1000 12
(Richard) Byrd

Joey
    $1000 21
(Joey: What's Vienna?)
...
(Alex: Less than a minute to go now, Joey.)

Budapest

Joey
Triple Stumper
    $1000 17
a foothold

Paula
    $1000 15
(Alex: Portrayed by [*], and the series is called Boss.)

Kelsey Grammer

Triple Stumper

Scores at the first commercial break (after clue 12):

Paula Joey Julie
$1,400 $1,800 $600

Scores at the end of the Jeopardy! Round:

Paula Joey Julie
$2,800 $3,400 $1,200

Double Jeopardy! Round responses

THE 6 SIMPLE MACHINES
(Alex: We only have five clues in the category, so we'll have five of them.)
PALINDROMIC WORDS
BRITANNICA BIOS: "A"
THE QUOTABLE KEATS
GREEK FOOD & DRINK
BROADWAY LYRICS
    $400 10
a lever

Paula
    $400 1
peep

Paula
    $400 18
Aaron

Julie
    $400 25
(Alex: You are right with a minute to go.)

Lord Byron

Joey
    $400 5
(Joey: What's shish kebab?)

souvlaki

PaulaJoey
    $400 8
May

Triple Stumper
    $800 19
a pulley

Julie
    $800 2
a level

Julie
    $800 17
Arafat

Julie
    $800 22
a day long

Triple Stumper
    $800 6
feta

Julie
    $800 9
razzle dazzle

Triple Stumper
    $1200 20
a wedge

Joey
    $1200 3
a dud

Julie
    $1200 12
(Neil) Armstrong

Joey
    $1200 23
(Paula: What is spring?)

autumn/fall

Paula
Triple Stumper
    $1200 11
ouzo

Joey
    $1200 15
comedy

Triple Stumper
    $1600 26
(Alex: And that would be [*].)
(Joey: Tough day.)

a screw

Triple Stumper
    $1600 4
reviver

Joey
    $1600 13
Archimedes

Joey
    $200 24
(Joey: What is we come and we go?)

beauty is truth, truth beauty

Joey
    $1600 16
(Alex: And all of that because you're [*].)

"My Funny Valentine"

Triple Stumper
    $2,000 28
(Julie: I'm completely blank.)
...
[The end-of-round signal sounds.]

axle

Julie
    $2000 7
a put-up

Triple Stumper
    $2000 14
Ralph Abernathy

Triple Stumper
    $2000 27
The Faerie Queene

Julie
    $2000 21
Amy

Triple Stumper

Scores at the end of the Double Jeopardy! Round:

Paula Joey Julie
$2,800 $10,000 $6,000

[wagering suggestions for these scores]

Final Jeopardy! Round responses

BASEBALL STADIUMS
PaulaWho are the Atlanta Braves
$2,800
JulieWho are The Atlanta Braves?
$4,005
JoeyWho are the LA Dodgers
$2,001
the Atlanta Braves

Final scores:

Paula Joey Julie
$5,600 $7,999 $10,005
3rd place: $1,000 2nd place: $2,000 New champion: $10,005

Game dynamics:

Coryat scores:

Paula Joey Julie
$2,800 $9,400 $8,000
9 R,
1 W
13 R
(including 1 DD),
5 W
(including 1 DD)
10 R,
2 W
(including 1 DD)

Combined Coryat: $20,200

The J! Archive is created by fans, for fans. The Jeopardy! game show and all elements thereof, including but not limited to copyright and trademark thereto, are the property of Jeopardy Productions, Inc. and are protected under law. This website is not affiliated with, sponsored by, or operated by Jeopardy Productions, Inc. Join the discussion at JBoard.tv.